| 000 | 00883nam a2200265Ia 4500 | ||
|---|---|---|---|
| 003 | OSt | ||
| 005 | 20221005113447.0 | ||
| 006 | a|||||r|||| 00| 0 | ||
| 007 | ta | ||
| 008 | 221004b |||||||| |||| 00| 0 pan d | ||
| 020 |
_a9788178839035 (hbk) _c550 |
||
| 024 | _a117409 | ||
| 037 |
_b657, 22/03/2012, H.K. Prakashan _cTextual |
||
| 040 |
_aCRL _cCRL _bpan |
||
| 041 |
_2pan _apan |
||
| 082 | _aQ8441wk, 153Q2 | ||
| 100 | _aਅਮੋਲਕ ਸਿੰਘ, ਥਦ। | ||
| 245 | 0 |
_aਸਿੱਖ ਕੌਮ _b ਹਸਤੀ ਤੇ ਹੋਣੀ |
|
| 260 |
_aਲੁਧਿਆਣਾ _bਚੇਤਨਾ ਭਾਰਤ _c2012 |
||
| 300 |
_a512ਪੰ _ccm. |
||
| 650 | _a ਧOਰੁ Fਸੱਢ | ||
| 650 | _aਧਰਮ | ||
| 942 |
_hQ8441wk, 153Q2 _cTEXL _2cc |
||
| 999 |
_c1028267 _d1028267 |
||